| 000 | 01309nam a22004097a 4500 | ||
|---|---|---|---|
| 003 | CHAP | ||
| 005 | 20220329143134.0 | ||
| 008 | 060719d2003 mx r 00110 spa d | ||
| 010 | _a92456 | ||
| 011 | _a93428 | ||
| 020 | _a9685580154 | ||
| 035 | _a104002 | ||
| 040 | _cCHAP | ||
| 090 | _aFolleto 17107 | ||
| 100 | 0 | 0 |
_aGonzález Estrada, Adrián. _948884 |
| 245 | 1 | 0 |
_aEvaluación económica del mejoramiento genético del ajo en México _c/por Adrian González Estrada [y otros] |
| 260 |
_aMéxico, D. F. : _bINIFAP, _c2003. |
||
| 300 | _a58 p. | ||
| 410 | 2 | 1 | _aINIFAP |
| 490 | 0 |
_aPublicación técnica _v; 3 |
|
| 590 |
_aBATCH-UPD _b10 _c20130110 _lUCH01 _h0153 |
||
| 590 |
_aBATCH-UPD _b10 _c20130110 _lUCH01 _h1329 |
||
| 590 |
_aBATCH-UPD _b10 _c20130409 _lUCH01 _h2154 |
||
| 590 |
_aBATCH-UPD _b10 _c20130410 _lUCH01 _h0835 |
||
| 590 |
_aBATCH-UPD _b10 _c20130913 _lUCH01 _h2325 |
||
| 590 |
_aCONVERSION _b10 _c20130109 _lUCH01 _h1351 |
||
| 650 | 1 | 4 |
_aAjo _xAspectos economicos. _93173 |
| 650 | 1 | 4 |
_aAjo _xGenética. _93191 |
| 650 | 1 | 4 |
_aAjo _xMejoramiento. _93199 |
| 650 | 1 | 4 |
_aAjo _xMéxico. _93201 |
| 810 | 0 | 0 |
_aINIFAP _958614 |
| 830 | 0 |
_aPublicación técnica _v; 3 _992779 |
|
| 901 | _aBK | ||
| 905 | _aLilia | ||
| 942 | _cFOLL | ||
| 949 |
_aFolleto 17107 _bBC _cFOLL _d33724002002520 _eTS1 _i104002 _sb |
||
| 999 |
_c92456 _d92456 |
||